书目信息 |
| 题名: |
易经入门
|
|
| 作者: | 孙振声 编著 | |
| 分册: | ||
| 出版信息: | 北京 文化艺术出版社 1988 |
|
| 页数: | 597页 | |
| 开本: | 20cm | |
| 丛书名: | ||
| 单 册: | ||
| 中图分类: | B221 , B22 | |
| 科图分类: | ||
| 主题词: | ||
| 电子资源: | ||
| ISBN: | 7-5039-0154-3 | |
| 000 | 00619nam0 2200229 45 | |
| 001 | 1133461862 | |
| 005 | 20110928092138.54 | |
| 010 | @a7-5039-0154-3@dCNY9.70 | |
| 020 | @aCN@b89018363 | |
| 100 | @a19910513d1988 m y0chiy0120 ea | |
| 101 | 0 | @achi |
| 102 | @aCN@b110000 | |
| 105 | @ay z 000yy | |
| 200 | 10 | @a易经入门@Ayi jing ru men@f孙振声编著@Fsun zhen sheng bian zhu |
| 210 | @a北京@c文化艺术出版社@d1988 | |
| 215 | @a597页@d20cm | |
| 540 | 1 | @a易经@Ayi jing |
| 690 | @aB221@v1980 | |
| 690 | @aB22@v4 | |
| 701 | 0 | @a孙振声@Asun zhen sheng@4编著 |
| 801 | 0 | @aCN@bTSSF@c19910513 |
| 905 | @a10447@dB22@eJY41 | |
| 易经入门/孙振声编著.-北京:文化艺术出版社,1988 |
| 597页;20cm |
| ISBN 7-5039-0154-3:CNY9.70 |
| ● |
| 相关链接 |
|
|
|
|
正题名:易经入门
索取号:B22/JY41
 
预约/预借
| 序号 | 登录号 | 条形码 | 馆藏地/架位号 | 状态 | 备注 |
| 1 | 7824431 | 278244311 | 学院路分馆/ [索取号:B22/JY41] | 在馆 |